000 00984cam a22003131 4500
001 28842
003 BD-RjUL
005 20211209051334.0
008 140401s1938 enk b 001 0 eng d
035 _a(BD-RjUL) 28926
035 _a(OCoLC)3437722
040 _aDLC
_cMiMtpT
_dDNLM
_dDLC
_dBD-RjUL
_beng
041 _aeng
060 0 0 _aWM 420
_bB881p 1938
060 0 0 _aFilm 7309 no. 6
082 _220
_a615.851
_bBRP 1938
100 1 _aBrown, William,
_d1881-1952.
_988202
245 1 0 _aPsychological methods of healing :
_ban introduction to psychotheraphy /
_cby William Brown.
260 _aLondon :
_bUniversity of London Press Ltd.,
_c1938.
300 _avii, 224 p. ;
_c22 cm.
500 _a"First printed October 1938."
504 _aBibliography: p. 211-217. and Index
650 0 _aTherapeutics, Suggestive.
_940695
650 0 _aMental healing.
_985849
650 0 _aPsychoanalysis.
_988203
942 _2ddc
_cBK
999 _c28842
_d28842